LEADER 01175nam a2200241 i 4500 001 000000199425 003 CaOOAMICUS 005 20140416000000.0 008 140416s1913 it u000 u fre u 013 $a178116 040 $aSeMil$bita 100 1 $aLaveille, Auguste .$0(OLS)http://semarc/name/70503 245 13$aLe bienheureux L.-M. Grignion de Monfort :$b1673-1716 : d'après des documents inédits /$cpar Laveille. 260 $aLille, Paris, Bruges [etc.] :$bDesclée de Brouwer et Cie,$c1913. 300 $aXXXII, 560 p., [1] c. di tav. :$britr. ;$c23 cm. 500 $aFondo card. Giovanni Colombo. 600 14$aGrignion de Montfort, Luigi Maria .$0(OLS)http://semarc/subject/14988 850 $aSeMil 852 $aSeMil$W1$xVenegono$y1$m3GC IV 28$j149978$B149978$CSeMilBibl$Z2$F161332 $8B 941 1 $a3 961 $aLascito: Colombo Card. Giovanni 996 $6245$aLe bienheureux L.-M. Grignion de Monfort :$b1673-1716 : d'après des documents inédits$9(OLS)http://semarc/title/288350 996 $6260$aLille, Paris, Bruges [etc.] :$bDesclée de Brouwer et Cie$9(OLS)http://semarc/publisher/41285 LEADER 00918nam a2200205 i 4500 001 000000090679 003 CaOOAMICUS 005 20160224000000.0 008 160224s1837 xx u000 u lat u 013 $a62921 040 $aSeMil$bita 100 1 $aGaisruck, Karl Kajetan : von,$d<1769-1846>.$0(OLS)http://semarc/name/4068 245 10$aCatechismus ordinandorum ad usum dioecesis Mediolanensis /$cKarolo Cajetano comite de Gaisruck. 260 $aMediolani :$bEx Typographia Pogliani,$c1837. 300 $a224 p. ;$c19 cm. 650 4$aMilano (Arcidiocesi) - Catechismo - Testi.$0(OLS)http://semarc/subject/16576 850 $aSeMil 852 $aSeMil$W1$xVenegono$y1$m3K I 64 FA$j53646$B53646$CSeMilBibl$Z2$F58280 $8I 996 $6245$aCatechismus ordinandorum ad usum dioecesis Mediolanensis$9(OLS)http://semarc/title/136680 996 $6260$aMediolani :$bEx Typographia Pogliani$9(OLS)http://semarc/publisher/43637